Le château de Fontainebleau de François Ier à Henri IV : les bâtiments et leurs fonctions

Saved in:
Bibliographic Details
Main Author: Raby, Françoise (Author)
Document Type: Book
Language:French
Published: Paris : Picard , 1998
Series:De architectura Études
Subjects:
Related Items:Rezensiert in: [Rezension von: Françoise Boudon, Jean Blécon, Catherine Grodecki, Le château de Fontainebleau de François 1er à Henri IV - Jean-Marie Perouse de Montclos: Fontainebleau]
Author Notes:Université de Tours - Centre National de la Recherche Scientifique, Centre d'Etudes Supérieures de la Renaissance. Françoise Boudon et Jean Blécon, avec la collaboration de Catherine Grodecki
LEADER 04066cam a2200841 c 4500
001 251059669
003 DE-627
005 20260416181203.0
007 tu
008 981109s1998 fr ||||| 00| ||fre c
010 |a  98208424  
020 |a 2708405381  |9 2-7084-0538-1 
035 |a (DE-627)251059669 
035 |a (DE-603)058261729 
035 |a (DE-576)066670519 
035 |a (DE-599)GBV251059669 
035 |a (OCoLC)245752888 
035 |a (OCoLC)245752888 
035 |a (OCoLC)39289609 
035 |a (DE-604)8121675971 
040 |a DE-627  |b ger  |c DE-627  |e rakwb 
041 |a fre 
044 |c XA-FR 
050 0 |a NA7736.F7 
082 0 |a 724.12 
084 |a 9,10  |2 ssgn 
084 |a LM 30360  |2 rvk  |0 (DE-625)rvk/101128: 
084 |a 21.71  |2 bkl 
100 1 |a Raby, Françoise  |0 (DE-588)1158448198  |0 (DE-627)1022093169  |0 (DE-576)503909238  |4 aut 
245 1 3 |a Le château de Fontainebleau de François Ier à Henri IV  |b les bâtiments et leurs fonctions  |c Université de Tours - Centre National de la Recherche Scientifique, Centre d'Etudes Supérieures de la Renaissance. Françoise Boudon et Jean Blécon, avec la collaboration de Catherine Grodecki 
264 1 |a Paris  |b Picard  |c 1998 
300 |a 303 S  |b zahlr. Ill., graph. Darst  |c 27 cm 
336 |a Text  |b txt  |2 rdacontent 
337 |a ohne Hilfsmittel zu benutzen  |b n  |2 rdamedia 
338 |a Band  |b nc  |2 rdacarrier 
490 0 |a De architectura  |a Études 
500 |a Literaturverz. S. 289 - 292 
505 8 |a Literaturverz. S. 289 - 292 
583 1 |a Archivierung/Langzeitarchivierung gewährleistet  |f SSG  |x XA-DE-BW  |2 pdager  |5 DE-16 
583 1 |a Archivierung prüfen  |c 20240324  |f DE-4165  |z 2  |2 pdager 
610 1 0 |a Château de Fontainebleau (Fontainebleau, France) 
648 7 |a Geschichte 1500-1610  |2 gnd 
650 0 |a Architecture, Renaissance  |z France  |z Fontainebleau 
650 0 |a Decoration and ornament, Architectural  |z France  |z Fontainebleau 
650 0 7 |0 (DE-588)4002851-3  |0 (DE-627)104280352  |0 (DE-576)208848975  |a Architektur  |2 gnd 
651 0 |a Fontainebleau (France)  |x Buildings, structures, etc 
651 7 |0 (DE-588)4277998-4  |0 (DE-627)104412291  |0 (DE-576)210731966  |a Schloss Fontainebleau  |g Fontainebleau  |2 gnd 
689 0 0 |d g  |0 (DE-588)4277998-4  |0 (DE-627)104412291  |0 (DE-576)210731966  |a Schloss Fontainebleau  |g Fontainebleau  |2 gnd 
689 0 1 |d s  |0 (DE-588)4002851-3  |0 (DE-627)104280352  |0 (DE-576)208848975  |a Architektur  |2 gnd 
689 0 2 |a z  |2 gnd  |a Geschichte 1515-1610 
689 0 |5 DE-101 
689 1 0 |d g  |0 (DE-588)4277998-4  |0 (DE-627)104412291  |0 (DE-576)210731966  |a Schloss Fontainebleau  |g Fontainebleau  |2 gnd 
689 1 1 |a z  |2 gnd  |a Geschichte 1528-1610 
689 1 |5 (DE-627) 
700 1 |a Blécon, Jean  |0 (DE-588)1148793151  |0 (DE-627)1009197177  |0 (DE-576)160324017  |4 oth 
700 1 |a Gauchery Grodecki, Catherine  |d 1921-2014  |0 (DE-588)128683325  |0 (DE-627)377819131  |0 (DE-576)297277537  |4 oth 
700 1 |a Boudon, Françoise  |4 oth 
710 2 |a Centre d'études supérieures de la Renaissance  |0 (DE-588)1019899-4  |0 (DE-627)10341908X  |0 (DE-576)191247065  |4 oth 
787 0 8 |i Rezensiert in  |a Krause, Katharina, 1960 -   |t [Rezension von: Françoise Boudon, Jean Blécon, Catherine Grodecki, Le château de Fontainebleau de François 1er à Henri IV - Jean-Marie Perouse de Montclos: Fontainebleau]  |d Nürnberg : Carl, 2000  |w (DE-627)1787018881 
889 |w (DE-627)469254483 
935 |i Blocktest 
936 r v |a LM 30360  |b Fontainebleau  |k Kunstgeschichte  |k Kunst nach Ländern bzw. Kontinenten  |k Frankreich  |k Kunsttopografie Frankreichs  |k Alphabetische Liste der französischen Orte  |k Orte F  |k Fontainebleau  |0 (DE-627)1270636286  |0 (DE-625)rvk/101128:  |0 (DE-576)200636286 
936 b k |a 21.71  |j Geschichte öffentlicher Bauten  |0 (DE-627)106421263 
936 s n |a l300  |2 mzub 
936 s n |a z210  |2 mzub 
951 |a BO 
990 |a Schloss Fontainebleau 
990 |a Architektur 
990 |a Geschichte 1515-1610 
990 |a Schloss Fontainebleau 
990 |a Geschichte 1528-1610 
991 |a Rezensiertes Werk 
999 |a KXP-PPN251059669  |e 4042361099